000 03619nam a22004577a 4500
008 100805s1991 le|||||d||| 000 0 ra d
082 _a603
_bت ك ن
245 _a /التكنولوجيا
_cالشركة الشرقية للمطبوعات
260 _a[بيروت]:
_bالشركة الشرقية للمطبوعات[موزع]،1991
_c1991
300 _a14 مج:
_bايض لو؛
_c30 سم
500 _a موسوعة علمية أبجدية مصورة بالألوان
650 _915271
_aالتكنولوجيا
_vدوائر المعارف
650 _915285
_aالآلات الصناعية
650 _917283
_aالاختراعات
650 _917284
_aالاقتصاد المنزلي
650 _917285
_aالزراعة
650 _915281
_aالصناعات
650 _917286
_aالصناعة
650 _917287
_aالطب
650 _917288
_aالعلوم التطبيقية
650 _917289
_aالفنون الصناعية
650 _917290
_aالكيمياء الصناعية
650 _917291
_aالمصانع
650 _917292
_aالهندسة الكهربائية
710 _917293
_a الشركة الشرقية للمطبوعات
942 _2ddc
_cBB
999 _c14627
_d14627